LEADER 01347nam 2200301 n 450 001 996391433303316 005 20200824121703.0 035 $a(CKB)4940000000106935 035 $a(EEBO)2240860384 035 $a(UnM)99860814e 035 $a(UnM)99860814 035 $a(EXLCZ)994940000000106935 100 $a19911122d1645 uh | 101 0 $aeng 135 $aurbn||||a|bb| 200 10$aTwo ordinances of the Lords and Commons assembled in Parliament$b[electronic resource] $ethe one, for exempting the University of Cambridge from taxations. The other, for the regulating of the said university by the Earle of Manchester, and to remove scandalous ministers; providing a fifth part of their estates for their wives and children. Die Veneris 12. April 1645. Ordered by the Lords assembled in Parliament, that these ordinances be forthwith printed and published. Joh. Brown Cler. Parliamentorum 210 $aLondon, $cPrinted for John Wright in the old Bayley$d14. April. 1645 215 $a[2], 6 p 300 $aReproduction of the original in the British Library. 330 $aeebo-0018 801 0$bCu-RivES 801 1$bCu-RivES 801 2$bCStRLIN 801 2$bWaOLN 906 $aBOOK 912 $a996391433303316 996 $aTwo ordinances of the Lords and Commons assembled in Parliament$92299709 997 $aUNISA LEADER 01199nam 2200349Ia 450 001 996396579703316 005 20221108082813.0 035 $a(CKB)4940000000056853 035 $a(EEBO)2248567556 035 $a(OCoLC)12254782 035 $a(EXLCZ)994940000000056853 100 $a19850711d1660 uy | 101 0 $aeng 135 $aurbn||||a|bb| 200 12$aA compendious history of the Turks$b[electronic resource] $econtaining an exact account of the originall of that people, the rise of the Othoman family, and the valiant undertakings of the Christians against them, with their various events /$fby Andrew Moore, Gent 210 $aLondon $cPrinted by John Streater$d1660 215 $a[4], 1434 p 300 $aReproduction of original in Harvard University Libraries. 300 $aImperfect: pages 799-1434 are lacking on film. 330 $aeebo-0062 606 $aTurks 607 $aTurkey$xHistory 615 0$aTurks. 700 $aMoore$b Andrew$cGent.$01000935 801 0$bEAA 801 1$bEAA 801 2$bm/c 801 2$bWaOLN 906 $aBOOK 912 $a996396579703316 996 $aA compendious history of the Turks$92297507 997 $aUNISA